Diálogo de la lengua

में बचाया:
ग्रंथसूची विवरण
मुख्य लेखक: Valdés, Juan de (लेखक)
स्वरूप: पुस्तक
भाषा:स्पेनिश
प्रकाशित: Zaragoza Ebro 1946
संस्करण:2a. ed
श्रृंखला:Biblioteca Clásica Ebro. Clásicos Españoles
विषय:
टैग: टैग जोड़ें
कोई टैग नहीं, इस रिकॉर्ड को टैग करने वाले पहले व्यक्ति बनें!

MARC

LEADER 00000nam a2200000 a 4500
001 UCT6813
003 CL-VaPUC
008 970113e19460000SP |||||||||||||||||spa|d
082 0 4 |a 865  |b VAL  |2 21 
100 0 |a Valdés, Juan de  |e author  |9 321397 
245 1 0 |a Diálogo de la lengua 
250 |a 2a. ed 
300 |a 134 p 
942 |c BK 
945 |d 19970113 00:00:00  |a nastorga 
260 |a Zaragoza  |b Ebro  |c 1946 
650 7 |a ORATORIA ESPAÑOLA  |2 CL-VaPUC  |9 321291 
650 7 |a DIALOGOS ESPAÑOLES  |2 CL-VaPUC  |9 321486 
650 0 |a Literatura española  |9 306261 
650 0 |a Fonética  |9 308371 
650 0 |a Gramática  |9 270497 
650 0 |a Lexicografía  |9 321487 
650 0 |a Lingüística  |9 265068 
583 |a last modification  |c 19970113 00:00:00  |k Rodrigo Vera 
490 0 |a Biblioteca Clásica Ebro. Clásicos Españoles 
999 |c 255484  |d 255482 
952 |0 0  |1 0  |4 0  |6 865_000000000000000_VAL_1946  |7 0  |8 A  |9 277728  |a BIBEDU  |b BIBEDU  |d 2019-11-19  |i 3271579  |o 865 VAL 1946  |p 3271579  |r 2019-11-19  |w 2019-11-19  |y BK  |k LIT